HOSPITAL ADMINISTRATION (Record no. 16335)

MARC details
000 -LEADER
fixed length control field 00297nam a22001457a 4500
003 - CONTROL NUMBER IDENTIFIER
control field SGT
020 ## - INTERNATIONAL STANDARD BOOK NUMBER
International Standard Book Number 8171797210
082 ## - DEWEY DECIMAL CLASSIFICATION NUMBER
Classification number 362
Item number FRA
100 ## - MAIN ENTRY--PERSONAL NAME
Personal name FRANCIS,C.M
245 ## - TITLE STATEMENT
Title HOSPITAL ADMINISTRATION
250 ## - EDITION STATEMENT
Edition statement 3RD
260 ## - PUBLICATION, DISTRIBUTION, ETC. (IMPRINT)
Name of publisher, distributor, etc JAYPEE PUBLISHER
Year of Publication 2004
300 ## - PAGE DESCRIPTION
No. of Pages 385
942 ## - ADDED ENTRY ELEMENTS (KOHA)
Source of classification or shelving scheme Dewey Decimal Classification
Koha item type Books
942 ## - ADDED ENTRY ELEMENTS (KOHA)
-- 7
Holdings
Withdrawn status Lost status Source of classification or shelving scheme Damaged status Not for loan Collection code Home library Current library Date acquired Vendor Name Cost, normal purchase price SGTU Bill Number Total Checkouts Total Renewals Full call number Accession No. (Barcode) Date last seen Date last borrowed Bill Date Koha item type
    Dewey Decimal Classification     COMMERCE MANAGEMENT SGT Science & Social Sciences Library SGT Science & Social Sciences Library 14/12/2018 KIRTI PRAKASHAN 175.00 SGTU IN1748 5 1 362 FRA CM5103 04/07/2022 22/06/2022   Books
    Dewey Decimal Classification     COMMERCE MANAGEMENT SGT Science & Social Sciences Library SGT Science & Social Sciences Library 14/12/2018 KIRTI PRAKASHAN 175.00 SGTU IN1748 18   362 FRA CM5104 17/11/2025 04/11/2025   Books